Οικονομική ανάπτυξη

Αποθηκεύτηκε σε:
Λεπτομέρειες βιβλιογραφικής εγγραφής
Κύριος συγγραφέας: Kindleberger, Charles P., 1910-2003
Άλλοι συγγραφείς: Herrick, Bruce H.
Μορφή: Βιβλίο
Γλώσσα:English
Δημοσίευση: Αθήνα : Παπαζήσης, 1983
Θέματα:
Ετικέτες: Προσθήκη ετικέτας
Δεν υπάρχουν, Καταχωρήστε ετικέτα πρώτοι!

MARC

LEADER 00000cam a2200000 i 4500
001 1/55058
008 960502s1983 eng d
035 |l 10027787 
040 |a GR-MY-UA  |b gre  |e aacr 
041 0 |a eng 
082 0 |a 338.9 
100 1 |a Kindleberger, Charles P.,   |d 1910-2003. 
245 1 0 |a Οικονομική ανάπτυξη /  |c C.Kindleberger, B.Herrick 
260 |a Αθήνα :   |b Παπαζήσης,   |c 1983 
300 |a 2τ. (τ.1: 217 σ., τ.2: 380 σ.) 
650 0 0 |a Economic development. 
700 1 |a Herrick, Bruce H. 
852 |a INST  |b CHIOS  |e 20000804  |h 338.9 KIN  |p 005200000330  |q 005200000330  |t BK  |y 0  |z τ.2 
852 |a INST  |b CHIOS  |e 20000804  |h 338.9 KIN  |p 005200000331  |q 005200000331  |t BK  |y 0  |z τ.2 
852 |a INST  |b CHIOS  |e 20000804  |h 338.9 KIN  |p 005200000332  |q 005200000332  |t BK  |y 0  |z τ.2 
852 |a INST  |b CHIOS  |e 20000804  |h 338.9 KIN  |p 005200000333  |q 005200000333  |t BK  |y 0  |z τ.1 
852 |a INST  |b CHIOS  |e 20000804  |h 338.9 KIN  |p 005200000334  |q 005200000334  |t BK  |y 0  |z τ.1 
852 |a INST  |b CHIOS  |e 20000804  |h 338.9 KIN  |p 005200000335  |q 005200000335  |t BK  |y 0  |z τ.1 
852 |a INST  |b CHIOS  |e 20201014  |h 338.9 KIN  |p 005200000339  |q 005200000339  |t BK  |y 13 
852 |a INST  |b CHIOS  |e 20031107  |h 338.9 KIN  |p 005200012916  |q 005200012916  |t BK  |y 0  |z τ.2 
852 |a INST  |b CHIOS  |e 20010306  |h 338.9 KIN  |p 005200021277  |q 005200021277  |t BK  |y 0  |z τ.2 
852 |a INST  |b CHIOS  |e 20000804  |h 338.9 KIN  |p 005200000330  |q 005200000330  |t BK  |v τ.2:  |y 0  |z τ.2 
852 |a INST  |b CHIOS  |e 20000804  |h 338.9 KIN  |p 005200000331  |q 005200000331  |t BK  |v τ.2:  |y 0  |z τ.2 
852 |a INST  |b CHIOS  |e 20000804  |h 338.9 KIN  |p 005200000332  |q 005200000332  |t BK  |v τ.2:  |y 0  |z τ.2 
852 |a INST  |b CHIOS  |e 20000804  |h 338.9 KIN  |p 005200000333  |q 005200000333  |t BK  |v τ.1:  |y 0  |z τ.1 
852 |a INST  |b CHIOS  |e 20000804  |h 338.9 KIN  |p 005200000334  |q 005200000334  |t BK  |v τ.1:  |y 0  |z τ.1 
852 |a INST  |b CHIOS  |e 20000804  |h 338.9 KIN  |p 005200000335  |q 005200000335  |t BK  |v τ.1:  |y 0  |z τ.1 
852 |a INST  |b CHIOS  |e 20201014  |h 338.9 KIN  |p 005200000339  |q 005200000339  |t BK  |v τ.1:  |y 13 
852 |a INST  |b CHIOS  |e 20031107  |h 338.9 KIN  |p 005200012916  |q 005200012916  |t BK  |v τ.2:  |y 0  |z τ.2 
852 |a INST  |b CHIOS  |e 20010306  |h 338.9 KIN  |p 005200021277  |q 005200021277  |t BK  |v τ.2:  |y 0  |z τ.2 
853 |a INST  |b CHIOS  |h 338.9 KIN 
901 |a BIBL2-2001-1 
901 |a BIBL2-2003-3 
909 |a Χ  |b 000495 
909 |a Χ  |b 105734 
909 |a Χ  |b 003662 
909 |a Χ  |b 003663 
909 |a Χ  |b 000509 
909 |a Χ  |b 003661 
909 |a Χ  |b 000508 
909 |a Χ  |b 003660 
909 |a Χ  |b 083525